Flughafencodes Asien #1 - Statistiken

Allgemein
  • Dieses Quiz wurde 38 mal gespielt
  • Das Durchschnittsergebnis liegt bei 15 aus 16
Antwortstatistiken
Hint Antwort % Korrekt
Antalya AYT
100%
Bahrain BAH
100%
Doha DOH
100%
Kabul KBL
100%
Larnaka LCA
100%
Manila MNL
100%
Tel Aviv TLV
100%
Abu Dhabi AUH
97%
Kuala Lumpur KUL
97%
Kuwait-Stadt KWI
97%
Peking PEK
97%
Riad RUH
97%
Mumbai BOM
88%
Jakarta CGK
76%
Tokio HND
76%
Seoul ICN
73%
Keine übereinstimmenden Quizze gefunden
Verteilung der Resultate
Anzahl Personen mit jedem Resultat
Perzentil nach korrekt beantworteten Fragen
Ihre Resultats-Entwicklung
Sie haben dieses Quiz noch nicht gespielt